Tržnica

Enregistré dans:
Détails bibliographiques
Auteur principal: Rimár, Marko (Auteur)
Autres auteurs: Andráš, Milan (Directeur de thèse)
Format: Manuscrit Livre
Langue:slovaque
Publié: Bratislava 2018
Sujets:
Accès en ligne:http://is.stuba.sk/zp/portal_zp.pl?podrobnosti=120238
Tags: Ajouter un tag
Pas de tags, Soyez le premier à ajouter un tag!

MARC

LEADER 00000ntm a22000003a 4500
001 stuzp69001
003 SK-STU
005 20210122101409.4
007 ta
008 150427s2015----xo-----f-mn---000-0-slo-d
040 |a STU  |b slo 
041 0 |a slo 
100 1 |a Rimár, Marko  |u 058180  |4 aut  |U FAD Fakulta architektúry  |T FA Ústav architektúry občianskych budov  |X 77186  |U A8180  |Y 399  |7 77186 
242 0 1 |a Market Hall  |y eng 
245 1 0 |a Tržnica 
260 |c 2018  |a Bratislava 
650 4 |a tržnica  |2 slo 
650 4 |a krivky  |2 slo 
650 4 |a predajné miesto  |2 slo 
650 4 |a market  |2 eng 
650 4 |a paths  |2 eng 
650 4 |a shopping place  |2 eng 
700 1 |a Andráš, Milan  |u 058180  |k Z1  |4 ths  |U FAD Fakulta architektúry  |T FA Ústav architektúry občianskych budov  |X 4208  |U A8180  |Y 399  |7 A000004208 
856 4 |u http://is.stuba.sk/zp/portal_zp.pl?podrobnosti=120238  |u https://opac.crzp.sk/?fn=detailBiblioForm&sid=233ADDCA5EB56A1009E93F31D49A